000 00293nam a2200121Ia 4500
008 190216s9999||||xx |||||||||||||| ||und||
100 _aSadique Anwari
245 0 _aMayatha Ormakal
260 _bPoomkavanam Books Publishers
_c1993
300 _a60p
650 _aIslamic History
942 _cBK
999 _c22349
_d22349